Muret-Sanders enzyklopädisches Wörterbuch englisch-deutsches, deutsch-englisches

Saved in:
Bibliographic Details
Format: Book
Language:German
English
Published: Berlin Langenscheidische Verlagsbuchhandlung [1948]
Tags: Add Tag
No Tags, Be the first to tag this record!

MARC

LEADER 00000nam a2200000 4500
001 0268806
005 20240822101712.9
041 0 |a ger 
041 0 |a eng 
044 |a DE 
245 1 0 |a Muret-Sanders enzyklopädisches Wörterbuch  |b englisch-deutsches, deutsch-englisches  |c B. Klatt, E. Klatt 
264 1 |a Berlin  |b Langenscheidische Verlagsbuchhandlung  |c [1948]